[Event "Santander UDI Cup"]
[Site "Santander"]
[Date "2013.06.03"]
[Round "8"]
[White "Ramirez, Orlando"]
[Black "Neira, Paolo Jefer"]
[Result "0-1"]
[WhiteElo "1447"]
[BlackElo "1513"]
[PlyCount "66"]
[EventDate "2013.05.31"]
[EventType "swiss"]
[EventRounds "8"]
[EventCountry "COL"]
[SourceTitle "CBM 154 Extra"]
[Source "ChessBase"]
[SourceDate "2013.06.25"]
[SourceVersion "2"]
[SourceVersionDate "2013.06.25"]
[SourceQuality "1"]

1. d4 Nf6 2. c4 d6 3. Nc3 g6 4. e4 Nfd7 5. f3 Bg7 6. Nge2 e5 7. d5 0-0 8. Be3 Nf6 9. Qd2 Ne8 10. Bh6 Qh4+ 11. g3 Qh5 12. Bxg7 Nxg7 13. Bg2 g5 14. 0-0-0 Qg6 15. g4 f6 16. Ng3 a6 17. Kb1 Nd7 18. Na4 b5 19. cxb5 axb5 20. Nc3 Ba6 21. a3 Nb6 22. Bf1 Rfb8 23. Ka2 Qe8 24. Bxb5 Bxb5 25. Nxb5 Qxb5 26. Qc3 Nc4 27. Rb1 Ra7 28. Ne2 Rba8 29. Rhc1 Ra4 30. Rc2 Qc5 31. Nc1 Rxa3+ 32. bxa3 Rxa3+ 33. Qxa3 Qxa3# 0-1

[Event "Santander UDI Cup"]
[Site "Santander"]
[Date "2013.06.01"]
[Round "3"]
[White "Rincon R, Javier Duvan"]
[Black "Neira, Paolo Jefer"]
[Result "1-0"]
[WhiteElo "1633"]
[BlackElo "1513"]
[PlyCount "65"]
[EventDate "2013.05.31"]
[EventType "swiss"]
[EventRounds "8"]
[EventCountry "COL"]
[SourceTitle "CBM 154 Extra"]
[Source "ChessBase"]
[SourceDate "2013.06.25"]
[SourceVersion "2"]
[SourceVersionDate "2013.06.25"]
[SourceQuality "1"]

1. e4 d5 2. exd5 Qxd5 3. Nc3 Qd6 4. d4 Nf6 5. h3 e6 6. Nf3 Be7 7. Bd3 h6 8. Be3 a6 9. 0-0 0-0 10. Qd2 Nh7 11. Ne4 Qd8 12. c4 f5 13. Nc3 Nd7 14. Rfe1 c5 15. Bc2 b6 16. Rad1 Bb7 17. dxc5 Bxf3 18. gxf3 Ng5 19. Bxg5 Bxg5 20. Qxd7 Qb8 21. Qxe6+ Kh8 22. Qd6 Qb7 23. c6 Qf7 24. Nd5 Qh5 25. Qg3 Bh4 26. Qg2 g5 27. c7 g4 28. Nf4 Qf7 29. hxg4 fxg4 30. Ng6+ Kg7 31. Nxf8 Rxf8 32. Qxg4+ Bg5 33. Rd7 1-0